Viac-kanálová telemetria pre elektrický monopost s inteligentnou analýzou údajov

Enregistré dans:
Détails bibliographiques
Auteur principal: Sabol, Marcel (Auteur)
Autres auteurs: Kudlačák, František (Directeur de thèse)
Format: Manuscrit Livre
Langue:slovaque
Publié: 2019
Sujets:
Accès en ligne:http://is.stuba.sk/zp/portal_zp.pl?podrobnosti=142856
Tags: Ajouter un tag
Pas de tags, Soyez le premier à ajouter un tag!

MARC

LEADER 00000ntm a22000003a 4500
001 stuzp74913
003 SK-STU
005 20190622212426.8
007 ta
008 150427s2015----xo-----f-mn---000-0-slo-d
040 |a STU  |b slo 
041 0 |a slo 
100 1 |a Sabol, Marcel  |u 070400  |k Z4  |4 aut  |U FIIT Fakulta informatiky a informačných technológií  |T FIIT Ústav počítačového inžinierstva a aplikovanej informatiky  |X 54288  |U I400  |Y 672  |7 54288 
242 0 1 |a Multi-channel telemetry for electric formula with intelligent data analysis  |y eng 
245 1 0 |a Viac-kanálová telemetria pre elektrický monopost s inteligentnou analýzou údajov 
260 |c 2019 
650 4 |a Telemetrický systém  |2 slo 
650 4 |a Inteligentná analýza  |2 slo 
650 4 |a zobrazovanie údajov  |2 slo 
650 4 |a Telemetry system  |2 eng 
650 4 |a Data visualization  |2 eng 
650 4 |a intelligent data analysis  |2 eng 
700 1 |a Kudlačák, František  |u 070100  |k Z3  |4 ths  |U FIIT Fakulta informatiky a informačných technológií  |T FIIT Ústav počítačových systémov a sietí  |X 56206  |U I100  |Y 178  |7 A000056206 
856 4 |u http://is.stuba.sk/zp/portal_zp.pl?podrobnosti=142856